00445 2200145 4500001002100000008004100021035002000062245003400082100001600116260004500132300001400177082001000191650008500201990001300286INLIS000000000000309 ind  a0010-0423000309 aSURVIVAL SELAMAT DARI GLESTER aCHOI DUKHEE aJAKARTAbPT ELEX MEDIA KOMPUNTINDOc2013 ahlm.ccm. a741.5 aCARTOONS, CARICATURES, COMICS ( CARTOON FICTION, GRAPHIC NOVEL(VISUAL NOVELS ) ) a102719-1